• 首页
  • 本馆介绍
  • 公告通知
  • 最新文献
  • 馆藏检索
  • 电子资源
  • 读者导购
  • 参考咨询
  • 我的图书馆
  • 登录
  • 详细信息显示
  • 放入我的书架
  • 预约/预借图书
  • 作者相关作品
  • 分类相关作品
  • 丛书相关作品
  • 出版社相关作品

书目信息

  • 表格格式
  • 工作单格式
  • 卡片格式
题名:
化学功能材料概论
    
 
作者: 史鸿鑫 , 王农跃 , 项斌 编
分册:  
出版信息: 北京   化学工业出版社  2006
页数: 385页
开本: 26cm
丛书名:
单 册:
中图分类: TB34
科图分类:
主题词: 化工材料--功能材料--高等学校--教材 , 化工材料 , 功能材料
电子资源:
ISBN: 7-5025-8301-7
000 01084nam0 2200289 450
001 012007428536
005 20070523091834.20
010    @a7-5025-8301-7@dCNY48.00
100    @a20070515d2006 km y0chiy0120 ea
101 0  @achi
102    @aCN@b110000
105    @ay z 000yy
106    @ar
200 1  @a化学功能材料概论@Ahua xue gong neng cai liao gai lun@f史鸿鑫,王农跃,项斌等编@Fshi hong xin,wang nong yue,xiang bin deng bian
210    @a北京@c化学工业出版社@d2006
215    @a385页@d26cm
300    @a高等学校教材
330    @a本书内容涵盖了纳米材料、催化新材料、有机硅材料、膜材料、生物活性物质、有机氟材料、电子化学材料、智能材料和功能色素材料,介绍了这九大类化学功能材料的发展历史、制备方法、应用领域,着重讨论这些材料的合成或制备原理、性能和应用实例。
606 0  @a化工材料@x功能材料@x高等学校@j教材
606 0  @a化工材料
606 0  @a功能材料
690    @aTB34@v4
701  0 @a史鸿鑫@Ashi hong xin@f(1955~)@4编
701  0 @a王农跃@Awang nong yue@4编
701  0 @a项斌@Axiang bin@f(1959~)@4编
801  0 @aCN@bRULIN@c20070523
905    @dTB34@e158@s8
    
    化学功能材料概论/史鸿鑫,王农跃,项斌等编.-北京:化学工业出版社,2006
    385页;26cm
    高等学校教材
    
    ISBN 7-5025-8301-7:CNY48.00
    本书内容涵盖了纳米材料、催化新材料、有机硅材料、膜材料、生物活性物质、有机氟材料、电子化学材料、智能材料和功能色素材料,介绍了这九大类化学功能材料的发展历史、制备方法、应用领域,着重讨论这些材料的合成或制备原理、性能和应用实例。
●
相关链接 在E读中查询图书 在五车中查询图书 在当当中查询图书 在豆瓣中查询图书


正题名:化学功能材料概论     索取号:TB34/158         预约/预借

序号 登录号 条形码 馆藏地/架位号 状态 备注
1 0576842   205768427   第二样本阅览室/ [索取号:TB34/158] 在馆    
2 0576843   205768436   密集书库/ [索取号:TB34/158] 在馆    
3 0576844   205768445   密集书库/ [索取号:TB34/158] 在馆    
4 0576845   205768454   第三借阅区/ [索取号:TB34/158] 在馆    
5 0576846   205768463   第三借阅区/ [索取号:TB34/158] 在馆    
6 0576847   205768472   第三借阅区/ [索取号:TB34/158] 在馆    
7 0576848   205768481   第三借阅区/ [索取号:TB34/158] 在馆    
8 0576849   205768490   密集书库/ [索取号:TB34/158] 在馆    
唐山师范学院图书馆 欢迎您!
大连网信软件有限公司© 版权所有